000 02376nam a2200301Ia 4500
003 OSt
005 20210126155541.0
008 191128s2005 sp fr 001 0 spa d
020 _a8420636061
040 _aCO-JMCR
_cCO-JMCR
041 0 _aspa
082 0 4 _a320.01 /
_bH192c
_221
100 1 _aHayek, Friedrich A.,
_eautor
_91762
245 1 0 _aCamino de servidumbre /
_cFriedrich A. Hayek
250 _aPrimera edición
260 _aMadrid :
_bAlianza,
_c2005
300 _a302 páginas ;
_c18 cm.
490 0 _aEl libro de bolsillo. Ciencias sociales ;
_v3406
500 _aIncluye índice analítico.
504 _aBibliografía: páginas 289-291
505 0 _aEl camino abandonado -- La gran utopía -- Individualismo y colectivismo --La "inevitabilidad" de la planificación -- Planificación y democracia -- La planificación y el Estado de Derecho -- La intervención económica y el totalitarismo -- ¿Quién, a quién? -- Seguridad y libertad -- Por qué los peores se colocan a la cabeza -- El final de la verdad -- Las raíces socialistas del nazismo -- Los totalitarios en nuestro seno -- Condiciones materiales y fines ideales -- Las perspectivas de un orden internacional
520 3 _aPublicado en 1944 y traducido a numerosos idiomas, camino de servidumbre popularizó el nombre de Friedrich A. Hayek más allá de las fronteras del mundo académico, donde su prestigio científico (reconocido en 1974 con la concesión del Premio Nobel de Economía) estaba ya sólidamente establecido. La tesis central del libro es que los avances de la planificación económica van necesariamente unidos a la pérdida de las libertades y al progreso de totalitarismo. Resulta notable que una obra de tan acusado filo polémico, nacida para suscitar la controversia y el debate, fuera acogida con respeto incluso por sus críticos debido a su honestidad intelectual, rigor lógico e información fiable. Si Keynes mostró su acuerdo con los puntos de vista de moral y filosofía social de "este gran libro", Schumpeter subrayó un rasgo poco común en obras de este género: "es un libro cortés que casi nunca atribuye a sus contrarios otra cosa que el error intelectual".
650 1 4 _aCiencia política
_91763
650 1 4 _aEconomía Socialismo
_xteorías
_91764
650 1 4 _aTotalitarismo
_91765
650 1 4 _aIndividualismo
_91766
942 _2ddc
_cBK
999 _c5095
_d5095